| 000 | 01116nam a22002774a 4500 | ||
|---|---|---|---|
| 005 | 20080729164931.0 | ||
| 008 | 080416s2008 waua 001 0 eng | ||
| 010 | _aENG-91469 | ||
| 020 |
_a9788183242332 _c350.00 |
||
| 020 |
_a8183242332 _c350.00 |
||
| 035 | _aEN-75002 | ||
| 037 | _bDBAD / PUB | ||
| 040 |
_aDPL _bEnglish |
||
| 082 | _a954.0841 | ||
| 100 | _aPathak, Guptajit | ||
| 245 |
_aAssamese women in Indian independence movement with a special emphasis on Kanaklata Barua / _cby Guptajit Pathak |
||
| 260 |
_aNew Delhi _bMittal Publications _c2008 |
||
| 270 |
_a4594/9, Ansari Road, Daryaganj, _bNew Delhi _e110002 |
||
| 300 |
_axvi, 124p.: _c23 cm (Hb) _bb&w photos |
||
| 500 | _aIncludes glossary and index | ||
| 600 | _aBarua, Kanklata, 1924-1942. | ||
| 650 |
_aWomen in politics _zIndia _zAssam _xHistory |
||
| 650 |
_aNationalism _zIndia _zAssam _xHistory |
||
| 942 |
_2ddc _cEN _mPAT _h954.0841 |
||
| 999 |
_c17436 _d17436 |
||